| 000 | 00747cam a2200241 a 4500 | ||
|---|---|---|---|
| 999 |
_c9296 _d9296 |
||
| 001 | 9296 | ||
| 003 | BD-JhCC | ||
| 005 | 20180312181545.0 | ||
| 008 | 790215s1925 enk 001 0 eng | ||
| 035 |
_a2196069 _a(BD-JhCC)9296 |
||
| 040 |
_aWAWW _cWAWW _dNSL:R _dBD-JhCC |
||
| 041 | _aeng | ||
| 050 | 0 | 0 |
_aPR1285 _b.O9 |
| 082 | _bTHE 1925 | ||
| 245 | 0 | 4 |
_aThe Oxford book of English prose / _cchosen and edited by Sir Arthur Quiller-Couch. |
| 260 |
_aOxford : _bClarendon press, _c1925. |
||
| 300 |
_axx, 1092 p. ; _c20 cm. |
||
| 500 |
_aLibrary's copy includes publishers advertisement _5ANL. |
||
| 650 | 0 | _aEnglish prose literature. | |
| 700 | 1 |
_aQuiller-Couch, Arthur Thomas, _cSir, _d1863-1944, |
|
| 942 |
_2ddc _cBK |
||